000
00236nam a2200097Ia 4500
001
639793
005
20250826153435.0
008
250824s9999 xx 000 0 und d
245
0
_a
Karlı Dağlarda Tatil
_c
J. Mario Simmel
260
_b
ALTIN
999
_c
639793
_d
639793